京成〇〇駅 - Statistics

General Stats
  • This quiz has been taken 171 times
  • The average score is 18 of 22
Answer Stats
Answer % Correct
京成上野
98%
京成津田沼
96%
京成船橋
95%
京成成田
95%
京成高砂
92%
京成千葉
91%
京成佐倉
87%
京成西船
84%
京成八幡
82%
京成小岩
80%
京成幕張
80%
京成酒々井
79%
京成金町
78%
京成関屋
76%
京成曳舟
76%
京成中山
74%
京成幕張本郷
74%
京成稲毛
74%
京成臼井
71%
京成大和田
70%
京成大久保
69%
京成立石
68%
No matching quizzes found
Score Distribution
Percent of People with Each Score
Percentile by Number Answered
Your Score History
You have not taken this quiz